000 00516nam a22001937a 4500
003 CEME
005 20210628203945.0
008 210309b xxu||||| |||| 00| 0 eng d
020 _a0-442-23387-6
040 _c.
082 _a621.36920312 WEI'F
100 _aWeik, M. H
_968007
245 _aFiber optics standard dictionary
250 _a2ND
260 _aNEWYORK
_bVAN NOSTRAND
_c1989
300 _a366P
650 _aOPTICAL COMMUNICATIONS DICTIONARIES FIBER OPTICS DICTIONARIES
_968008
942 _cBK
_2ddc
999 _c575673
_d575673